[Event "2017 Seattle Chess Classic"]
[Site "?"]
[Date "????.??.??"]
[Round "?"]
[White "Orlova, Yelizaveta"]
[Black "Vijayakumar, Advaith"]
[Result "0-1"]
[WhiteElo "1954"]
[BlackElo "1742"]
[PlyCount "95"]

1. d4 Nf6 2. Nf3 b6 3. e3 Bb7 4. Be2 g6 5. b3 Bg7 6. Bb2 d6 7. Nbd2 Nbd7 8. h3
c5 9. c4 e6 10. O-O O-O 11. Qc2 Qe7 12. Rac1 Rac8 13. Rfd1 Rfd8 14. a3 d5 15.
Qb1 dxc4 16. bxc4 Rb8 17. Qa1 Ne4 18. Nxe4 Bxe4 19. a4 Nf6 20. Bc3 Ne8 21. a5
Qc7 22. axb6 axb6 23. Qb2 Bc6 24. Ra1 Ra8 25. Rxa8 Rxa8 26. Rb1 Ra6 27. d5 Bxc3
28. Qxc3 Bd7 29. e4 Qa7 30. e5 Ng7 31. g4 Ra2 32. Qe3 Ra1 33. Rxa1 Qxa1+ 34.
Kg2 Qb2 35. Qf4 Qa2 36. Ng5 Be8 37. Ne4 Qa1 38. Nf6+ Kf8 39. Nxh7+ Kg8 40. Nf6+
Kf8 41. Nxe8 Kxe8 42. Qf6 Kf8 43. Qd8+ Ne8 44. d6 Qxe5 45. d7 Qe4+ 46. Kg1 Qc6
47. Qxe8+ Kg7 48. d8=Q {#R} 0-1

[Event "2017 Seattle Chess Classic"]
[Site "?"]
[Date "????.??.??"]
[Round "6"]
[White "He, Daniel"]
[Black "Feng, Roland"]
[Result "1/2-1/2"]
[WhiteElo "2294"]
[BlackElo "2471"]
[PlyCount "78"]

1. e4 e6 2. d4 d5 3. Nd2 c5 4. exd5 Qxd5 5. Ngf3 cxd4 6. Bc4 Qc5 7. Qe2 Nc6 8.
Nb3 Qd6 9. O-O a6 10. a4 Nf6 11. Rd1 Qc7 12. Nbxd4 Nxd4 13. Nxd4 Bd6 14. h3 O-O
15. c3 h6 16. a5 Bd7 17. Bd3 Rfe8 18. Bc2 e5 19. Nf5 Bxf5 20. Bxf5 e4 21. Bg4
Qc5 22. Be3 Qe5 23. g3 Nxg4 24. Bf4 Qb5 25. Qxb5 axb5 26. Rxd6 Ne5 27. Bxe5
Rxe5 28. Rb6 Ra7 29. Kf1 e3 30. fxe3 Rxe3 31. Kf2 Re5 32. b4 Ra6 33. Rxb7 Rf6+
34. Kg1 Re3 35. Rxb5 Rxg3+ 36. Kh2 Rxc3 37. a6 Rf2+ 38. Kg1 Rcc2 39. a7 Rg2+ {
#d} 1/2-1/2

[Event "2017 Seattle Chess Classic"]
[Site "?"]
[Date "????.??.??"]
[Round "5"]
[White "Doknjas, John"]
[Black "Rupel, David"]
[Result "1-0"]
[WhiteElo "2255"]
[BlackElo "2063"]
[PlyCount "103"]

1. d4 Nf6 2. c4 e6 3. Nc3 Bb4 4. e3 b6 5. Nge2 c5 6. a3 Ba5 7. Rb1 Na6 8. Bd2
O-O 9. Ng3 Bb7 10. Bd3 cxd4 11. exd4 Bxc3 12. bxc3 Ne8 13. O-O d6 14. Re1 Nac7
15. Qc2 h6 16. f4 Ba6 17. f5 d5 18. fxe6 fxe6 19. Rf1 Nf6 20. cxd5 Bxd3 21.
Qxd3 exd5 22. Rbe1 Qd7 23. Bxh6 gxh6 24. Qg6+ Qg7 25. Qxg7+ Kxg7 26. Re7+ Rf7
27. Nh5+ Kf8 28. Rxf7+ Kxf7 29. Rxf6+ Ke7 30. a4 Rh8 31. Rf5 Rd8 32. Nf4 Rd6
33. g4 Rc6 34. Rh5 a6 35. h4 Rxc3 36. Rxh6 Rg3+ 37. Kf2 Rxg4 38. Kf3 Rg1 39.
Rxb6 Rc1 40. h5 Kf8 41. Rg6 Kf7 42. Kg4 Ne8 43. Rxa6 Rd1 44. Nxd5 Rxd4+ 45. Nf4
Nf6+ 46. Kf5 Nxh5 47. Nxh5 Rd5+ 48. Kg4 Ke7 49. Nf4 Rc5 50. Kf3 Rc4 51. Nd5+
Kd8 52. Ra8+ {#r} 1-0

[Event "2017 Seattle Chess Classic"]
[Site "?"]
[Date "????.??.??"]
[Round "5"]
[White "Yan, Jeffrey"]
[Black "Tu, Robin"]
[Result "1-0"]
[WhiteElo "1797"]
[BlackElo "1679"]
[PlyCount "89"]

1. e4 d6 2. d4 Nf6 3. Nc3 g6 4. f4 Bg7 5. Nf3 O-O 6. Bd3 Na6 7. e5 dxe5 8. dxe5
Nd5 9. Bd2 Nc5 10. Bc4 c6 11. Bxd5 cxd5 12. Be3 Qb6 13. Bxc5 Qxc5 14. Nxd5 Be6
15. Nc3 Qe3+ 16. Ne2 Rfd8 17. Qc1 Qe4 18. Kf2 Bg4 19. Nc3 Qb4 20. Rd1 Rxd1 21.
Nxd1 Bxf3 22. Kxf3 Rd8 23. c3 Qb5 24. Ne3 Qc6+ 25. Kf2 Qe4 26. g3 f6 27. exf6
Bxf6 28. Qe1 e5 29. fxe5 Bxe5 30. Rd1 Rf8+ 31. Kg1 Re8 32. Ng2 Qc4 33. Qf1 Qxa2
34. Qb5 Qf7 35. Re1 Qe7 36. Kh1 a6 37. Qe2 Kg7 38. Nf4 Bf6 39. Ne6+ Kf7 40. Qf3
Qd7 41. Ng5+ Kg7 42. Rxe8 Qxe8 43. Qxb7+ Kh6 44. Nf7+ Kh5 45. Qf3# 1-0

[Event "2017 Seattle Chess Classic"]
[Site "?"]
[Date "????.??.??"]
[Round "5"]
[White "Duleba, Krzysztof"]
[Black "Whale, Nicholas"]
[Result "0-1"]
[WhiteElo "1821"]
[BlackElo "1547"]
[PlyCount "100"]

1. e4 c5 2. d3 e6 3. f4 d5 4. e5 Nc6 5. Nf3 f6 6. Be2 d4 7. O-O Qc7 8. Nbd2 Be7
9. a4 fxe5 10. Nxe5 Nxe5 11. fxe5 Qxe5 12. Nc4 Qc7 13. Bf4 Qd8 14. Bh5+ g6 15.
Qg4 Bf6 16. Bxg6+ hxg6 17. Qxg6+ Kd7 18. Ne5+ Bxe5 19. Bxe5 Ne7 20. Rf7 Rf8 21.
Raf1 Rxf7 22. Rxf7 Kc6 23. Qg5 Qa5 24. h4 Nd5 25. b3 Bd7 26. h5 Qe1+ 27. Kh2
Rg8 28. Rg7 Rxg7 29. Bxg7 Ne3 30. Be5 Nf5 31. Bf4 Qh4+ 32. Qxh4 Nxh4 33. g3 e5
34. Bc1 Nf3+ 35. Kg2 Ne1+ 36. Kf2 Nxc2 37. Kf3 Kd6 38. g4 Ke6 39. g5 Kf5 40.
Bd2 Nb4 41. g6 Nxd3 42. g7 Be6 43. h6 Bg8 44. a5 e4+ 45. Ke2 Nf4+ 46. Kd1 e3
47. Be1 d3 48. Bc3 Ke4 49. b4 cxb4 50. Bxb4 Nd5 {#R} 0-1

[Event "2017 Seattle Chess Classic"]
[Site "?"]
[Date "????.??.??"]
[Round "5"]
[White "Anand, Vignesh"]
[Black "Orlova, Yelizaveta"]
[Result "1-0"]
[WhiteElo "1820"]
[BlackElo "1954"]
[PlyCount "69"]

1. d4 c5 2. d5 e5 3. c4 d6 4. e4 Be7 5. Nc3 Bg5 6. Nge2 Bxc1 7. Rxc1 Nh6 8. g3
a6 9. Bg2 O-O 10. O-O f5 11. f4 Nd7 12. a3 exf4 13. gxf4 fxe4 14. Nxe4 Nf5 15.
Qe1 Nf6 16. N2c3 Bd7 17. b4 cxb4 18. axb4 Qb6+ 19. c5 Qxb4 20. Nxf6+ Rxf6 21.
Ne4 Qd4+ 22. Kh1 Rh6 23. c6 bxc6 24. dxc6 Be6 25. Qc3 Qxc3 26. Rxc3 Rf8 27. Ng5
Kh8 28. Nxe6 Rxe6 29. c7 Ne7 30. Bh3 Ref6 31. Re1 Nc8 32. Bxc8 Rxc8 33. Re8+
Rf8 34. Rxf8+ Rxf8 35. c8=Q {#r} 1-0

[Event "2017 Seattle Chess Classic"]
[Site "?"]
[Date "????.??.??"]
[Round "5"]
[White "Li, Melina"]
[Black "Mayer, Jacob"]
[Result "1/2-1/2"]
[WhiteElo "1552"]
[BlackElo "1778"]
[PlyCount "35"]

1. d4 Nf6 2. c4 e5 3. dxe5 Ng4 4. Nf3 Bc5 5. e3 Nc6 6. Nc3 O-O 7. Be2 Re8 8.
O-O Ngxe5 9. a3 a5 10. Qc2 Nxf3+ 11. Bxf3 Ra6 12. Bd2 Ne5 13. Be2 Rg6 14. Ne4
d6 15. Ng3 Bg4 16. Bxa5 Qh4 17. Nf5 Qg5 18. Ng3 {#d} 1/2-1/2

[Event "2017 Seattle Chess Classic"]
[Site "?"]
[Date "????.??.??"]
[Round "6"]
[White "Velea, Stephanie"]
[Black "Duleba, Krzysztof"]
[Result "0-1"]
[WhiteElo "1689"]
[BlackElo "1821"]
[PlyCount "190"]

1. e4 c5 2. Nf3 d6 3. Bb5+ Nd7 4. O-O Ngf6 5. Re1 e6 6. c3 Be7 7. d4 O-O 8. e5
dxe5 9. dxe5 Nd5 10. c4 Nb4 11. a3 Nc6 12. Bf4 Qc7 13. Nc3 b6 14. Nd2 Bb7 15.
Qh5 Rfd8 16. Nde4 Nf8 17. Bxc6 Qxc6 18. Re3 Rd4 19. Rae1 Rxc4 20. Rg3 Ng6 21.
Rh3 Nf8 22. Ree3 Rd8 23. Rhg3 Rcd4 24. h3 Ng6 25. Bg5 Qc7 26. Bxe7 Qxe7 27. Nd6
Rh4 28. Qe2 Nf4 29. Qd1 Bxg2 30. Rxg2 Nxg2 31. Kxg2 Qg5+ 32. Kh2 Qf4+ 33. Kg2
Rh6 34. Qf3 Rg6+ 35. Kf1 Qxf3 36. Rxf3 f6 37. Nc4 fxe5 38. Nxe5 Rf6 39. Rxf6
gxf6 40. Nc6 Rd7 41. Nb5 a6 42. Nb8 Rd2 43. Nxa6 Rxb2 44. Nac7 Kf7 45. a4 Rb4
46. Nc3 e5 47. N7d5 Rb2 48. Ne4 f5 49. Nec3 Kg6 50. Nb5 c4 51. Ke1 f4 52. Nxb6
c3 53. Nd7 Rb1+ 54. Ke2 c2 55. Nxe5+ Kf5 56. Nd3 c1=Q 57. Nxc1 Rxc1 58. Nd4+
Ke4 59. Nb3 Rh1 60. Nc5+ Kf5 61. Nd3 Rxh3 62. a5 Rh1 63. a6 Ra1 64. Nb4 Ra4 65.
Nd5 Rxa6 66. Ne7+ Kg4 67. f3+ Kg5 68. Kf2 Ra2+ 69. Kg1 Kh4 70. Nf5+ Kh3 71. Kf1
Ra5 72. Nd4 Kg3 73. Ke1 Re5+ 74. Kf1 Rd5 75. Nc2 Kxf3 76. Ne1+ Kg3 77. Nc2 f3
78. Ke1 f2+ 79. Ke2 Re5+ 80. Kf1 Re1+ 81. Nxe1 fxe1=Q+ 82. Kxe1 Kg2 83. Ke2 h5
84. Ke3 h4 85. Kf4 h3 86. Ke4 h2 87. Kf4 h1=Q 88. Ke4 Kg3+ 89. Kd4 Kf4 90. Kc5
Qe4 91. Kb6 Qd5 92. Kc7 Ke5 93. Kb6 Kd6 94. Ka6 Kc7 95. Ka7 Qb7# 0-1

[Event "2017 Seattle Chess Classic"]
[Site "?"]
[Date "????.??.??"]
[Round "5"]
[White "Bashkansky, Naomi"]
[Black "Tsogtsaikhan, Saikhanchimeg"]
[Result "0-1"]
[WhiteElo "1995"]
[BlackElo "2184"]
[PlyCount "78"]

1. d4 Nf6 2. c4 e6 3. Nc3 Bb4 4. e3 b6 5. f3 Bxc3+ 6. bxc3 c5 7. d5 d6 8. e4 e5
9. Bd3 O-O 10. Ne2 Nbd7 11. g4 Ne8 12. Ng3 Qh4 13. Be3 g6 14. Qd2 Qe7 15. h4 f6
16. Bh6 Rf7 17. g5 fxg5 18. Bxg5 Qf8 19. Be2 h5 20. O-O-O Kh7 21. Rdf1 a6 22.
Rf2 Rb8 23. Rhf1 Rf4 24. Bd3 Rb7 25. Kc2 Rf7 26. f4 exf4 27. Nxh5 Ne5 28. Nxf4
Ng7 29. Rh2 Bg4 30. Be2 Nh5 31. Bxg4 Nxg4 32. Ne6 Qe8 33. Rxf7+ Rxf7 34. Re2
Qa4+ 35. Kb1 Qxc4 36. Bd8 Rf1+ 37. Kb2 Qb5+ 38. Ka3 Ne5 39. Ng5+ Kg8 {#R} 0-1

[Event "2017 Seattle Chess Classic"]
[Site "?"]
[Date "????.??.??"]
[Round "5"]
[White "Zhang, Eric"]
[Black "Doknjas, Joshua"]
[Result "0-1"]
[WhiteElo "2015"]
[BlackElo "2223"]
[PlyCount "78"]

1. d4 d5 2. c4 c6 3. Nf3 Nf6 4. Nc3 dxc4 5. a4 Bf5 6. e3 e6 7. Bxc4 Bb4 8. O-O
O-O 9. Qe2 Bg4 10. Rd1 Nbd7 11. h3 Bh5 12. e4 Qe7 13. Bg5 h6 14. Bh4 e5 15. d5
g5 16. Bg3 Bg6 17. dxc6 bxc6 18. Nd2 Nh5 19. Bh2 Nf4 20. Bxf4 exf4 21. f3 Rad8
22. Nb3 a5 23. Kh2 Ne5 24. Rac1 h5 25. Na2 g4 26. Rxd8 Rxd8 27. Qf1 Qh4 28. Be2
Qg3+ 29. Kh1 Bxe4 30. fxe4 Qxb3 31. Nxb4 Qxb4 32. Qxf4 Qd2 33. g3 Ng6 34. Qxd2
Rxd2 35. Bd1 Ne5 36. Rb1 Nd3 37. Bb3 Nf2+ 38. Kg1 gxh3 39. Rf1 Nxe4 {#R} 0-1

[Event "2017 Seattle Chess Classic"]
[Site "?"]
[Date "????.??.??"]
[Round "6"]
[White "Doknjas, Joshua"]
[Black "Tsogtsaikhan, Saikhanchimeg"]
[Result "0-1"]
[WhiteElo "2223"]
[BlackElo "2184"]
[PlyCount "104"]

1. e4 c5 2. Nf3 e6 3. c3 d5 4. exd5 Qxd5 5. d4 Nf6 6. Na3 a6 7. Nc4 Nbd7 8. a4
b6 9. Be2 Bb7 10. Be3 Rc8 11. dxc5 Bxc5 12. Bxc5 Rxc5 13. Nd6+ Ke7 14. Nxb7
Qxb7 15. Qd3 a5 16. O-O g5 17. Rad1 Rd5 18. Qe3 g4 19. Nd4 h5 20. f3 Ne5 21.
Bb5 gxf3 22. Nxf3 Rxd1 23. Rxd1 Nxf3+ 24. Qxf3 Qxf3 25. gxf3 Rd8 26. Rxd8 Kxd8
27. Kf2 Ke7 28. Kg3 Nd5 29. Bc4 Ne3 30. Bd3 Nd1 31. Kh4 Nxb2 32. Bb5 Nd1 33. c4
f5 34. Kxh5 Kf6 35. f4 Nf2 36. Kh4 Ne4 37. Kh3 e5 38. fxe5+ Kxe5 39. Kg2 Kf4
40. Bc6 Nf6 41. Bf3 Nd7 42. Kf2 Ne5 43. Be2 Ke4 44. h4 f4 45. h5 f3 46. Bf1 Kf4
47. Bh3 Nd3+ 48. Kf1 Kg5 49. h6 Kxh6 50. Bg4 Ne5 51. Be6 Kg5 52. Ke1 Kf4 {#R}
0-1

[Event "2017 Seattle Chess Classic"]
[Site "?"]
[Date "????.??.??"]
[Round "5"]
[White "He, Daniel"]
[Black "Breckenridge, Steven"]
[Result "1/2-1/2"]
[WhiteElo "2294"]
[BlackElo "2385"]
[PlyCount "26"]

1. e4 e5 2. Nf3 Nc6 3. d4 exd4 4. Nxd4 Nf6 5. Nc3 Bc5 6. Nxc6 bxc6 7. Bd3 d6 8.
O-O Nd7 9. Na4 Qf6 10. c3 O-O 11. Kh1 a5 12. f4 Ba7 13. Qh5 Bb7 {#d} 1/2-1/2

[Event "2017 Seattle Chess Classic"]
[Site "?"]
[Date "????.??.??"]
[Round "5"]
[White "Du, Shuhan"]
[Black "Lewis-Sandy, Joshua"]
[Result "0-1"]
[WhiteElo "1709"]
[BlackElo "1831"]
[PlyCount "122"]

1. d4 Nf6 2. c4 e5 3. dxe5 Ng4 4. Nf3 Bc5 5. e3 Nc6 6. Be2 Ngxe5 7. O-O O-O 8.
b3 Qf6 9. Nd4 Nxd4 10. exd4 Bxd4 11. Bg5 Qb6 12. Be3 Bxe3 13. fxe3 Qxe3+ 14.
Kh1 b6 15. Nd2 Bb7 16. Bf3 Nxf3 17. Nxf3 d6 18. Qc2 Be4 19. Qb2 Bxf3 20. Rxf3
Qe5 21. Qxe5 dxe5 22. Rd3 Rfd8 23. Rad1 Rxd3 24. Rxd3 Kf8 25. Rd5 Re8 26. Rd7
Rc8 27. Rd5 e4 28. g4 g6 29. Kg2 Re8 30. Kf2 e3+ 31. Ke2 Re7 32. Rd8+ Kg7 33.
g5 h6 34. h4 f6 35. gxf6+ Kxf6 36. Rh8 Kg7 37. Ra8 c5 38. a3 a5 39. Ra6 Re6 40.
b4 axb4 41. axb4 Kf6 42. bxc5 bxc5 43. Ra5 Re5 44. Ra6+ Kf5 45. h5 gxh5 46.
Rxh6 Kg4 47. Rg6+ Kf4 48. Rh6 Ke4 49. Rd6 Rf5 50. Re6+ Kd4 51. Rd6+ Kxc4 52.
Kxe3 Rd5 53. Rc6 Kc3 54. Ke4 Rd4+ 55. Ke3 c4 56. Rc8 h4 57. Rh8 h3 58. Ke2 Rd2+
59. Ke3 h2 60. Rh7 Kc2 61. Kf4 c3 {#R} 0-1

[Event "2017 Seattle Chess Classic"]
[Site "?"]
[Date "????.??.??"]
[Round "5"]
[White "Perez, Ignacio"]
[Black "Xie, Luke"]
[Result "1-0"]
[WhiteElo "2220"]
[BlackElo "2207"]
[PlyCount "39"]

1. e4 c5 2. Nf3 d6 3. d4 cxd4 4. Nxd4 Nf6 5. Nc3 a6 6. f4 Nbd7 7. Bc4 Qc7 8.
Bb3 e5 9. Nf3 Nc5 10. Nd5 Nxd5 11. Bxd5 Be7 12. O-O O-O 13. f5 Bd7 14. Ng5 Qb6
15. Kh1 Bxg5 16. Bxg5 Bc6 17. Qg4 Bxd5 18. Bh6 g6 19. exd5 Rfc8 20. b4 {#r} 1-0

[Event "2017 Seattle Chess Classic"]
[Site "?"]
[Date "????.??.??"]
[Round "5"]
[White "Ahluwalia, Anshul Bharat"]
[Black "Mukumbya, Benjamin"]
[Result "0-1"]
[WhiteElo "1742"]
[BlackElo "2028"]
[PlyCount "54"]

1. d4 Nf6 2. c4 e6 3. g3 Bb4+ 4. Bd2 Qe7 5. Bg2 O-O 6. e4 d5 7. e5 Ne4 8. Ne2
f6 9. O-O fxe5 10. dxe5 Nc6 11. Bxb4 Qxb4 12. cxd5 Nxe5 13. Qd4 Qxd4 14. Nxd4
exd5 15. f3 Nf6 16. Nc3 Nc4 17. b3 Ne3 18. Rf2 c5 19. Nc2 Nxg2 20. Kxg2 d4 21.
Nb5 Bd7 22. Nd6 Bc6 23. h3 Rad8 24. Nf5 Nd5 25. g4 g6 26. Ng3 d3 27. Na3 Ne3+ {
#R} 0-1

[Event "2017 Seattle Chess Classic"]
[Site "?"]
[Date "????.??.??"]
[Round "4"]
[White "Doknjas, Joshua"]
[Black "Breckenridge, Steven"]
[Result "0-1"]
[WhiteElo "2223"]
[BlackElo "2385"]
[PlyCount "138"]

1. e4 e5 2. Nf3 Nc6 3. Bc4 Nf6 4. d3 Bc5 5. c3 a6 6. O-O Ba7 7. Bb3 d6 8. Re1
O-O 9. h3 Ne7 10. Nbd2 Ng6 11. Nf1 Nh5 12. d4 Nhf4 13. Ng3 Be6 14. Bc2 Re8 15.
Be3 h6 16. Nf5 exd4 17. cxd4 d5 18. e5 Bxf5 19. Bxf5 Ne6 20. Qd2 Nh4 21. Nxh4
Qxh4 22. g3 Qh5 23. Bg4 Qg6 24. Qd1 c5 25. dxc5 d4 26. Bxd4 Rad8 27. Bxe6 Qxe6
28. Qa4 Qxh3 29. Re4 Qf5 30. Rae1 Qe6 31. Be3 Rd5 32. Qb3 Bxc5 33. Qxb7 Bxe3
34. R4xe3 Rb5 35. Qe4 Qxa2 36. e6 fxe6 37. Qg6 Rf8 38. Rxe6 Qxb2 39. R1e2 Qc1+
40. Kg2 Rg5 41. Qe4 Rh5 42. Re1 Qc5 43. Re2 Qc1 44. Re1 Qc5 45. Re2 a5 46. Re8
Rhf5 47. Qe6+ Kh8 48. Rxf8+ Rxf8 49. Qd7 Qc8 50. Qd4 Qb7+ 51. Kg1 Qb1+ 52. Kg2
Qb4 53. Qd7 a4 54. Re8 a3 55. Rxf8+ Qxf8 56. Qa4 Qd6 57. Kh2 Qd3 58. Qa5 Qf3
59. Kg1 Kg8 60. Qa7 Kh7 61. Qa4 Qd3 62. Kh2 h5 63. Qa5 Qf3 64. Qc5 Kg8 65. Qc8+
Qf8 66. Qe6+ Qf7 67. Qc8+ Kh7 68. Qc2+ g6 69. f4 Qb7 {#R} 0-1

[Event "2017 Seattle Chess Classic"]
[Site "?"]
[Date "????.??.??"]
[Round "4"]
[White "Olson, Travis"]
[Black "Du, Shuhan"]
[Result "0-1"]
[WhiteElo "1946"]
[BlackElo "1709"]
[PlyCount "74"]

1. d4 Nf6 2. c4 e6 3. Nc3 Bb4 4. Qc2 O-O 5. a3 Bxc3+ 6. Qxc3 Ne4 7. Qc2 f5 8.
g3 b6 9. Bg2 Bb7 10. Nf3 Qc8 11. O-O c5 12. Be3 Nc6 13. dxc5 bxc5 14. Nd2 Nxd2
15. Qxd2 Nd8 16. Rfc1 Bxg2 17. Kxg2 a5 18. a4 Nf7 19. Ra3 Qc6+ 20. f3 d6 21.
Rcc3 Rfb8 22. Qc2 Rb4 23. Rcb3 Ne5 24. Rc3 Qb6 25. b3 Nc6 26. Rd3 Nd4 27. Qd1
Rb8 28. Bxd4 cxd4 29. Rxd4 d5 30. Rd3 dxc4 31. Rd6 Qe3 32. Ra2 h6 33. Rd8+ Rxd8
34. Qxd8+ Kh7 35. bxc4 Rb1 36. Qxa5 Qg1+ 37. Kh3 Qf1+ {#R} 0-1

[Event "2017 Seattle Chess Classic"]
[Site "?"]
[Date "????.??.??"]
[Round "4"]
[White "Rupel, David"]
[Black "Orlova, Yelizaveta"]
[Result "1-0"]
[WhiteElo "2063"]
[BlackElo "1954"]
[PlyCount "77"]

1. Nf3 c5 2. c4 Nf6 3. Nc3 d5 4. cxd5 Nxd5 5. g3 e6 6. e4 Nb4 7. d3 Be7 8. a3
N4c6 9. Bg2 a6 10. O-O b5 11. Ne2 Bb7 12. Be3 O-O 13. d4 cxd4 14. Nexd4 Na5 15.
Qc2 Nc4 16. Bc1 Nd7 17. b3 Nce5 18. Nxe5 Nxe5 19. Bb2 Bf6 20. Rfd1 Qb6 21. Qe2
Ng6 22. b4 Rfd8 23. Nb3 Bxb2 24. Qxb2 Rac8 25. Nc5 Bc6 26. h4 h6 27. Bh3 Nf8
28. Rac1 a5 29. Kh2 a4 30. f4 Rxd1 31. Rxd1 Rd8 32. Rd4 Qc7 33. Qd2 Rxd4 34.
Qxd4 Qe7 35. Bg2 g5 36. hxg5 hxg5 37. Qe3 gxf4 38. gxf4 Ng6 39. Qg3 {#t} 1-0

[Event "2017 Seattle Chess Classic"]
[Site "?"]
[Date "????.??.??"]
[Round "4"]
[White "Mayer, Jacob"]
[Black "Yan, Jeffrey"]
[Result "1-0"]
[WhiteElo "1778"]
[BlackElo "1797"]
[PlyCount "61"]

1. e4 e6 2. d4 d5 3. Nc3 Bb4 4. e5 c5 5. a3 Bxc3+ 6. bxc3 Ne7 7. Qg4 O-O 8. h4
Qc7 9. Bd3 cxd4 10. cxd4 Qc3+ 11. Ke2 Nf5 12. Nf3 Qxa1 13. Bg5 Qxh1 14. Bf6 Qc1
15. Bxf5 Qh6 16. Bd3 g6 17. Bg5 Qh5 18. Qf4 f5 19. exf6 Nc6 20. g4 e5 21. Nxe5
Bxg4+ 22. Nxg4 Nd8 23. f3 Nf7 24. Qc7 Kh8 25. Nh6 Rae8+ 26. Kd2 Qxf3 27. Nxf7+
Rxf7 28. Qxf7 Qf2+ 29. Kc3 Qe1+ 30. Kb2 Rg8 31. Bh6 {#r} 1-0

[Event "2017 Seattle Chess Classic"]
[Site "?"]
[Date "????.??.??"]
[Round "4"]
[White "Seshadri, Sridhar"]
[Black "Bashkansky, Naomi"]
[Result "1/2-1/2"]
[WhiteElo "1677"]
[BlackElo "1995"]
[PlyCount "116"]

1. d4 d5 2. Nf3 Nf6 3. Bf4 c5 4. e3 Nc6 5. c3 Bg4 6. Be2 e6 7. Nbd2 cxd4 8.
exd4 Bd6 9. Ne5 Bf5 10. g4 Bg6 11. h4 h6 12. Nxg6 fxg6 13. Bxd6 Qxd6 14. Bd3
Kf7 15. Qc2 Nxg4 16. Bxg6+ Ke7 17. Qd1 Qf4 18. Qf3 Rhf8 19. Bh5 Nxf2 20. Qxf4
Nd3+ 21. Kd1 Nxf4 22. Be2 Nxe2 23. Kxe2 e5 24. dxe5 Nxe5 25. h5 Rf6 26. Rag1 g5
27. hxg6 Nxg6 28. Ke3 Rh8 29. Rh5 Kd6 30. Nb3 Re8+ 31. Kd2 Ne5 32. Nd4 Nc4+ 33.
Kc1 Ref8 34. Rh3 a6 35. Rgh1 Rf1+ 36. Rxf1 Rxf1+ 37. Kc2 Ne3+ 38. Kd3 Ng4 39.
Rh5 Rf6 40. Nf5+ Ke6 41. Nd4+ Kd6 42. Nf5+ Kd7 43. Nd4 Rd6 44. a4 Ke8 45. b4
Kf7 46. b5 Kg6 47. Rf5 h5 48. Rf8 Ne5+ 49. Ke2 axb5 50. axb5 h4 51. Rh8 Kg5 52.
Rxh4 Kxh4 53. Nf5+ Kg5 54. Nxd6 b6 55. Nc8 Nc4 56. Kd3 Kf6 57. Kd4 Ke6 58. Na7
Na3 {#d} 1/2-1/2

[Event "2017 Seattle Chess Classic"]
[Site "?"]
[Date "????.??.??"]
[Round "6"]
[White "Su, Michael"]
[Black "Ahluwalia, Anshul Bharat"]
[Result "1-0"]
[WhiteElo "1974"]
[BlackElo "1742"]
[PlyCount "25"]

1. d4 Nf6 2. c4 e6 3. Nf3 Bb4+ 4. Nbd2 b6 5. a3 Bxd2+ 6. Qxd2 Bb7 7. e3 Ne4 8.
Qc2 O-O 9. Bd3 f5 10. O-O d6 11. Nd2 Ng5 12. f4 Nf7 13. d5 {#i} 1-0

[Event "2017 Seattle Chess Classic"]
[Site "?"]
[Date "????.??.??"]
[Round "4"]
[White "Su, Michael"]
[Black "Tien, Sophie"]
[Result "1/2-1/2"]
[WhiteElo "1974"]
[BlackElo "1678"]
[PlyCount "36"]

1. d4 d5 2. Nf3 Nf6 3. e3 Bf5 4. c4 c6 5. Nc3 e6 6. Nh4 Bg6 7. Nxg6 hxg6 8. Qb3
Qc7 9. g3 Ng4 10. h3 Bd6 11. Be2 dxc4 12. Qxc4 Nf6 13. Nb5 Qd7 14. Nxd6+ Qxd6
15. Bd2 a5 16. e4 e5 17. dxe5 Qxe5 18. Bc3 Qe7 {#i} 1/2-1/2

[Event "2017 Seattle Chess Classic"]
[Site "?"]
[Date "2017.08.30"]
[Round "4"]
[White "Xie, Luke"]
[Black "Sohal, Tanraj"]
[Result "1/2-1/2"]
[WhiteElo "2207"]
[BlackElo "2314"]
[PlyCount "66"]
[EventDate "2017.??.??"]

1. e4 c5 2. Nf3 e6 3. d4 cxd4 4. Nxd4 Nf6 5. Nc3 Nc6 6. Nxc6 bxc6 7. e5 Nd5 8.
Ne4 Qc7 9. f4 Qb6 10. c4 Bb4+ 11. Ke2 f5 12. exf6 Nxf6 13. Be3 Qb8 14. Nxf6+
gxf6 15. Kf2 O-O 16. Qg4+ Kh8 17. Qh5 Be7 18. Rd1 c5 19. b3 Qc7 20. Bd3 f5 21.
Rhg1 d5 22. g4 d4 23. Bc1 Bd6 24. Qh6 Rf7 25. gxf5 exf5 26. Rde1 Bb7 27. Re6
Rd8 28. Rg3 Be4 29. Be2 Bf8 30. Qg5 Rg7 31. Qf6 Kg8 32. Bd2 Rxg3 33. hxg3 Qd7
1/2-1/2

[Event "2017 Seattle Chess Classic"]
[Site "?"]
[Date "????.??.??"]
[Round "4"]
[White "Li, Melina"]
[Black "Tu, Robin"]
[Result "0-1"]
[WhiteElo "1552"]
[BlackElo "1679"]
[PlyCount "72"]
[EventDate "2017.08.30"]

1. d4 Nf6 2. c4 g6 3. Nf3 Bg7 4. Nc3 O-O 5. Bg5 h6 6. Bh4 d6 7. e3 Bf5 8. Be2
Nbd7 9. O-O g5 10. Bg3 Ne4 11. Nxe4 Bxe4 12. Nd2 Bh7 13. Bf3 f5 14. h3 e5 15.
Bxb7 Rb8 16. Bd5+ Kh8 17. dxe5 Nxe5 18. Nb3 f4 19. exf4 gxf4 20. Bh2 c6 21. Be6
f3 22. g4 Qe7 23. Nd4 c5 24. Bxe5 Bxe5 25. Nc6 Qxe6 26. Nxb8 h5 27. Nc6 hxg4
28. Nxe5 dxe5 29. Qd5 Qf6 30. Rfe1 e4 31. hxg4 Rg8 32. Qh5 Qe6 33. Red1 e3 34.
Re1 e2 35. Kh1 Rxg4 36. Rac1 Qe4 0-1

[Event "2017 Seattle Chess Classic"]
[Site "?"]
[Date "????.??.??"]
[Round "4"]
[White "Vijayakumar, Advaith"]
[Black "Truelson, Joseph"]
[Result "1/2-1/2"]
[WhiteElo "1742"]
[BlackElo "2004"]
[PlyCount "88"]
[EventDate "2017.08.30"]

1. d4 d5 2. c4 c6 3. Nc3 dxc4 4. a4 e5 5. e3 exd4 6. exd4 Be6 7. Nf3 Bb4 8. Bd2
Nf6 9. Be2 O-O 10. O-O Na6 11. Bg5 h6 12. Bxf6 Qxf6 13. Rc1 Rfd8 14. Ne4 Qf4
15. Ng3 b5 16. Qc2 Nc7 17. b3 c3 18. Ne5 Rxd4 19. Nxc6 Rd2 20. Qb1 Rb2 21. Qd3
Rxb3 22. axb5 Rb2 23. Nxb4 Qxb4 24. Qxc3 Qxc3 25. Rxc3 Nxb5 26. Bxb5 Rxb5 27.
Ra1 a5 28. Ne2 a4 29. Rca3 Rb4 30. Nc3 Bb3 31. h3 Rc4 32. Rxb3 axb3 33. Rxa8+
Kh7 34. Na4 Rc1+ 35. Kh2 Ra1 36. Rb8 Rxa4 37. Rxb3 g5 38. g4 Kg6 39. Rb6+ f6
40. Kg3 Ra1 41. Kg2 Ra8 42. Kg3 Rf8 43. h4 Rf7 44. Rb5 Ra7 1/2-1/2

[Event "2017 Seattle Chess Classic"]
[Site "?"]
[Date "????.??.??"]
[Round "4"]
[White "McCormick, Cale"]
[Black "He, Daniel"]
[Result "0-1"]
[WhiteElo "2202"]
[BlackElo "2294"]
[PlyCount "66"]
[EventDate "2017.08.30"]

1. d4 Nf6 2. c4 g6 3. f3 c5 4. d5 d6 5. e4 Bg7 6. Nc3 O-O 7. Bg5 e6 8. Qd2 Qa5
9. O-O-O exd5 10. Nxd5 Qxd2+ 11. Rxd2 Nxd5 12. Rxd5 Nc6 13. Rxd6 f5 14. Be3 Re8
15. Bd3 Bf8 16. Bxc5 Ne5 17. Be2 b6 18. Ba3 Bxd6 19. Bxd6 fxe4 20. fxe4 Bb7 21.
Nf3 Nf7 22. Bb4 Rxe4 23. Kd1 Rd8+ 24. Nd2 Ne5 25. b3 Nc6 26. Bc3 Re3 27. Bb2
Nb4 28. Bf6 Rde8 29. Bg4 Nd3 30. Rf1 Bxg2 31. Bg5 R3e5 32. Rg1 Rxg5 33. Rxg2
Rxg4 0-1

[Event "2017 Seattle Chess Classic"]
[Site "?"]
[Date "????.??.??"]
[Round "4"]
[White "He, Samuel"]
[Black "Doknjas, Neil"]
[Result "1-0"]
[WhiteElo "2278"]
[BlackElo "1975"]
[PlyCount "55"]
[EventDate "2017.08.30"]

1. Nf3 d5 2. c4 Nf6 3. cxd5 Nxd5 4. e4 Nb4 5. d4 e6 6. a3 N4c6 7. Nc3 Nd7 8.
Bd3 a6 9. e5 b5 10. O-O Nb6 11. Ne4 Bb7 12. Bg5 Qd7 13. Rc1 h6 14. Be3 O-O-O
15. Qc2 Be7 16. Nfd2 f5 17. exf6 gxf6 18. Nb3 Na4 19. Be2 f5 20. Nec5 Nxc5 21.
Nxc5 Bxc5 22. Qxc5 Qd5 23. Qxd5 Rxd5 24. Bf3 Rd6 25. Rfd1 Rhd8 26. Bxc6 Rxc6
27. Rxc6 Bxc6 28. Bf4 1-0

[Event "2017 Seattle Chess Classic"]
[Site "?"]
[Date "????.??.??"]
[Round "4"]
[White "Zhang, Brendan"]
[Black "Feng, Roland"]
[Result "0-1"]
[WhiteElo "2094"]
[BlackElo "2471"]
[PlyCount "53"]
[EventDate "2017.08.30"]

1. d4 Nf6 2. c4 e6 3. Nc3 Bb4 4. Qc2 c5 5. dxc5 Na6 6. a3 Bxc3+ 7. Qxc3 Nxc5 8.
b4 Nce4 9. Qb2 d5 10. c5 d4 11. e3 e5 12. Nf3 O-O 13. Nxe5 Nc3 14. Bc4 b5 15.
Bb3 Nfe4 16. exd4 Qxd4 17. Nf3 Qf6 18. Be3 Rd8 19. Rc1 Bg4 20. Bc2 Bxf3 21.
Bxe4 Bxe4 22. Qxc3 Qg6 23. c6 Qxg2 24. Rf1 Bd3 25. Rg1 Qxg1+ 26. Kd2 Be4+ 27.
Ke2 0-1